Hydrocarbons Quiz - Statistics

General Stats
  • This quiz has been taken 61 times
  • The average score is 8 of 12
Answer Stats
Hint Answer % Correct
CH4 Methane
100%
CH3CH3 Ethane
79%
CH3CH2CH3 Propane
79%
CH3(CH2)2CH3 Butane
71%
CH3(CH2)4CH3 Hexane
65%
CH3(CH2)6CH3 Octane
65%
CH3(CH2)3CH3 Pentane
65%
CH3(CH2)5CH3 Heptane
62%
CH3(CH2)8CH3 Decane
59%
CH3(CH2)7CH3 Nonane
56%
CH3(CH2)10CH3 Dodecane
32%
CH3(CH2)9CH3 Undecane
24%
No matching quizzes found
Score Distribution
Percent of People with Each Score
Percentile by Number Answered
Your Score History
You have not taken this quiz